|
|
|
|
| LEADER |
01640nam a2200373 a 4500 |
| 001 |
493 |
| 003 |
BD-DhAAL |
| 005 |
20150215093845.0 |
| 008 |
150215s1992 ii b 000 0 eng |
| 010 |
|
|
|a 92907164
|
| 020 |
|
|
|a 8170362938 :
|c Rs195.00
|
| 020 |
|
|
|a 0803994370 (U.S.)
|
| 040 |
|
|
|a DLC
|c DLC
|d DLC
|d BD-DhAAL
|
| 050 |
0 |
0 |
|a HN690.Z9
|b C6192 1992
|
| 082 |
0 |
0 |
|a 307.1/412/09542
|2 20
|
| 100 |
1 |
|
|a Alexander, Kanjirathara Chandy,
|d 1935-
|9 8375
|
| 245 |
1 |
0 |
|a Culture and development :
|b cultural patterns in areas of uneven development /
|c K.C. Alexander, K.P. Kumaran.
|
| 260 |
|
|
|a New Delhi ;
|a Newbury Park, Calif. :
|b Sage Publications,
|c 1992.
|
| 300 |
|
|
|a 203 p. ;
|c 20 cm.
|
| 500 |
|
|
|a Copyright: National Institute of Rural Development.
|
| 504 |
|
|
|a Includes bibliographical references (p. [202]-203).
|
| 520 |
|
|
|a Impact of development programs on cultural values; study with special references to Kerala and Uttar Pradesh, India.
|
| 541 |
|
|
|e 493
|
| 650 |
|
0 |
|a Rural development
|z India
|z Kerala.
|9 8376
|
| 650 |
|
0 |
|a Rural development
|z India
|z Uttar Pradesh.
|9 8377
|
| 650 |
|
0 |
|a Social change
|z India
|z Kerala.
|9 8378
|
| 650 |
|
0 |
|a Social change
|z India
|z Uttar Pradesh.
|9 8379
|
| 651 |
|
0 |
|a Kerala (India)
|x Social conditions.
|9 8380
|
| 651 |
|
0 |
|a Uttar Pradesh (India)
|x Social conditions.
|9 8381
|
| 700 |
1 |
|
|a Kumaran, K. P.,
|d 1955-
|9 8382
|
| 710 |
2 |
|
|a National Institute of Rural Development (India)
|9 8383
|
| 942 |
|
|
|2 ddc
|c BK
|
| 999 |
|
|
|c 33690
|d 33690
|
| 952 |
|
|
|0 0
|1 0
|2 ddc
|4 0
|6 307_100000000000000_412_09542_ALE
|7 0
|9 52625
|a SCL
|b SCL
|c GEN
|d 2015-02-15
|g 400.00
|l 0
|o 307.141209542 ALE
|p 3020000493
|r 2015-02-15
|t 1
|w 2015-02-15
|y BK
|